00291nam a22001097a 450000500170000000800410001708200090005824500570006726000390012430000100016365000080017320200522135935.0200522b xxu||||| |||| 00| 0 eng d a340  aThe All India Reporter 1962 (VOL- 49) MYSORE Section aBombaybThe All India Reporter Ltd a496p. aLaw